000 00811nam a2200253Ia 4500
003 OSt
005 20220923215155.0
006 a|||||r|||| 00| 0
007 ta
008 220922b |||||||| |||| 00| 0 hin d
024 _a176,338
037 _cTextual
040 _aARTS
_cARTS
_bhin
041 _2hin
_ahin
082 _aO152,1:g, M0
100 _aशर्मा, देवदत्त
_9156279
245 0 _aकाव्य और काव्य रूप
246 _aKāvya aur kāvya rūpa
260 _aदिल्ली
_b अलंकार प्रकाशन
_c1980
300 _a188 पृ.
_ccm.
650 _aहिन्दी साहित्य
_9156264
942 _hO152,1:g, M0
_cTEXL
_2CC
999 _c329888
_d329888